000 00838nam a2200253 a 4500
999 _c3186
_d3186
003 PK-NaQUE
005 20250524113649.0
008 250524b ||||| |||| 00| 0 eng d
020 _a8120309790 (paperback)
020 _a9788120309791 (paperback)
040 _cQUEST
082 _a515.353RAO
100 1 _aRao, K. Sankara.
245 1 0 _aIntroducton to Partial Differential Equations /
260 _aNew Delhi
_bPrentice-Hall of India Pvt.Ltd,
_c1995.
300 _aX,357 p. ;
650 _aPerturbation (Mathematics)
650 _aDifferential equations--Numerical solutions
650 _aDifferential equations, Partial--Numerical solutions
650 _aComputer science--Mathematics
650 _aDifferential equations
856 4 0 _uhttp://10.10.170.122:8080/browse/book/27435
_yDownload eBook
942 _cBK
_2ddc